000 00288nam a2200121 i 4500
001 bg
245 0 _aJadernye reakcii i wzaimodejstwie elektronow s wescestrom.
260 _aMoskwa,
_c1972.
040 _cBPK
041 _apol
942 _cKS
008 s pl f |000 0 pol
999 _c15283
_d15283
856 _uhttp://koha.tu.koszalin.pl/cgi-bin/koha/opac-detail.pl?biblionumber=15283
_yKatalog online BPK